[Event "CRO-chT2c"]
[Site "Croatia"]
[Date "2009.05.03"]
[Round "6"]
[White "Masirevic, Miroljub"]
[Black "Crnogorac, Radovan"]
[Result "1-0"]
[WhiteElo "1995"]
[BlackElo "1898"]
[PlyCount "97"]
[EventDate "2009.04.04"]
[EventType "team-tourn"]
[EventRounds "11"]
[EventCountry "CRO"]
[SourceTitle "EXT 2010"]
[Source "ChessBase"]
[SourceDate "2010.11.25"]
[SourceVersion "1"]
[SourceVersionDate "2010.11.25"]
[SourceQuality "1"]

1. e4 d6 2. d4 Nf6 3. Nc3 g6 4. h3 Bg7 5. Nf3 c6 6. Be3 0-0 7. Qc1 b5 8. a3 Bb7 9. Be2 a6 10. Bh6 Qc7 11. Bxg7 Kxg7 12. h4 h5 13. Qg5 Bc8 14. e5 Ng4 15. Bd3 dxe5 16. dxe5 Be6 17. Ne2 c5 18. Nf4 Rg8 19. Nxe6+ fxe6 20. Qxg6+ Kf8 21. Qxe6 Qd7 22. Qf5+ Qxf5 23. Bxf5 Nh6 24. Bh3 Nc6 25. 0-0-0 b4 26. a4 c4 27. Rd5 c3 28. b3 Ng4 29. Bxg4 Rxg4 30. g3 Re4 31. Re1 Rxe1+ 32. Nxe1 Kg7 33. Kd1 Kg6 34. Ke2 Kf5 35. Ke3 e6 36. Rc5 Ne7 37. Nd3 Nd5+ 38. Kf3 Rf8 39. Rc6 Ra8 40. Nc5 Kxe5 41. Rxe6+ Kd4 42. Nd3 Rf8+ 43. Kg2 a5 44. Re5 Rh8 45. Rg5 Ke4 46. Nc5+ Kd4 47. Ne6+ Ke4 48. f3+ Ke3 49. Rxd5 1-0

[Event "CRO-chT3 East-B"]
[Site "Croatia"]
[Date "2005.04.03"]
[Round "3.4"]
[White "Crnogorac, Radovan"]
[Black "Misanovic, Miodrag"]
[Result "1/2-1/2"]
[WhiteElo "1810"]
[BlackElo "2047"]
[PlyCount "28"]
[EventDate "2005.03.13"]
[EventType "team-tourn"]
[EventRounds "11"]
[EventCountry "CRO"]
[SourceTitle "EXT 2007"]
[Source "ChessBase"]
[SourceDate "2006.11.23"]
[SourceVersion "1"]
[SourceVersionDate "2006.11.23"]
[SourceQuality "1"]
[WhiteTeam "Pacetin"]
[BlackTeam "Negoslavci"]
[WhiteTeamCountry "CRO"]
[BlackTeamCountry "CRO"]

1. d4 d5 2. c4 c6 3. Nf3 Nf6 4. Nc3 e6 5. g3 Nbd7 6. Bg2 Be7 7. 0-0 0-0 8. Qd3 b6 9. b3 Ba6 10. Rd1 b5 11. c5 Bb7 12. Bf4 Nh5 13. Bd2 a5 14. a3 a4 1/2-1/2